แสดงรายละเอียดบรรณานุกรม
  กลับหน้าหลัก

Brief Record : Get Marc (ISO 2709) : E-mail record : QR code ปิดหน้าต่าง
LEADER 00000nama 2200000uu 4500
008    040531s2533 th m m a000 0 tha d
020    974-7945-16-9
041    tha
050    วจ WS113 ศ463ก 2533
100    ศิริพร กัญชนะ นฤมล ธีระรังสิกุล
245    การศึกษาเปรียบเทียบผลของการให้แม่และลกอยู่ใกล้ชิดกันโดยเร็วต่อการเลี้ยงลูกด้วยนมแม่ การเจริญเติบโตและพัฒนาการเด็ก 400
246    เด็ก - การเจริญเติบโต เด็ก - การเลี้ยงดูพัฒนาการเด็ก
260    นครสวรรค์ ศูนย์ส่งเสริมสุขภาพเขต 6 2533
300    59 หน้า
998    2001-01-16
999    ^aใช้งานได้ทุกระบบ
รายการนี้ยังไม่มีแท็ก
คุณยังไม่ได้ล็อกอิน คุณสามารถมีกิจกรรมร่วมกับเว็บไซต์ได้ แต่ต้องล็อกอินก่อน ::
  ล็อกอิน
ลำดับที่ ประเภท เลขเรียก สถานที่ สถานะ
1. งานวิจัย
งานวิจัย
วจ WS113 ศ463ก 2533  
  
ชั้นหนังสือวิจัย On Shelf
  ขอยืม
   [แสดง 1/1 รายการ]

BibComment


ยังไม่เคยถูกคอมเมนท์

คอมเมนท์ทรัพยากรรายการนี้
  คอมเมนท์: การศึกษาเปรียบเที..
Bib 185396

 
 
 

 Union Library Management : ULibM
Copyright 2026. All Rights Reserved.
скачать бесплатно без регистрации порно красивый секс HD Sex Hindi sex

xxx gou

xxxx

bfxxx

xxxwww

Секса Видео

xxxx

Секса Видео

detube

geilexxx

C99 Shell

worms shell

blod xxx video
Ebony Coed Rihanna Rimes Takes A Dick In Her Young Twat priyaa indian fuck anal and pusssy hardcore indian women xxx desi hardcore fucking part 1 bengalixxxcouple